| 000 -LEADER |
| fixed length control field |
00914cam a22002054a 4500 |
| 020 ## - INTERNATIONAL STANDARD BOOK NUMBER |
| ISBN |
2802720392 |
| 040 ## - CATALOGING SOURCE |
| Transcribing agency |
DLC |
| 082 00 - DEWEY DECIMAL CLASSIFICATION NUMBER |
| Classification number |
303 COM 2005 A072 Or. |
| 245 03 - TITLE STATEMENT |
| Title |
La "société de l'information" entre mythes et réalités / |
| 260 ## - PUBLICATION, DISTRIBUTION, ETC. (IMPRINT) |
| Place of publication |
Bruxelles : |
| Name of publisher |
Agence universitaire de la francophonie : |
| -- |
Bruylant : |
| -- |
Commission nationale française pour l'UNESCO, |
| Year of publication |
2005. |
| 300 ## - PHYSICAL DESCRIPTION |
| Number of Pages |
435 p. : |
| Other physical details |
ill. ; |
| Dimensions |
24 cm. |
| 490 0# - SERIES STATEMENT |
| Series statement |
Collection Médias, sociétés et relations internationales ; |
| 500 ## - GENERAL NOTE |
| General note |
Papers from a conference held Sept. 4-5, 2003 in Strasbourg under the auspices of the Centre d'études et de recherches interdisciplinaires sur les médias en Europe. |
| 650 #0 - SUBJECT ADDED ENTRY--TOPICAL TERM |
| Topical Term |
Information society |
| 650 #0 - SUBJECT ADDED ENTRY--TOPICAL TERM |
| Topical Term |
Information technology |
| 700 1# - ADDED ENTRY--PERSONAL NAME |
| Personal name |
Mathien, Michel. |
| 700 1# - ADDED ENTRY--PERSONAL NAME |
| Personal name |
Arnaud, Michel, |
| 710 2# - ADDED ENTRY--CORPORATE NAME |
| Corporate name or jurisdiction name as entry element |
Centre d'études et de recherches interdisciplinaires sur les médias en Europe. |
| 942 ## - ADDED ENTRY ELEMENTS (KOHA) |
| Koha item type |
សៀវភៅភាសាអង់គ្លេស |
| 952 ## - LOCATION AND ITEM INFORMATION (KOHA) |
| Withdrawn status [LOCAL, KOHA] |
0 |